[Event "8th HDBank Cup 2018"]
[Site "Hanoi"]
[Date "2018.03.12"]
[Round "4"]
[White "Xu Yi"]
[Black "Sammed Jaykumar, Shete"]
[Result "1/2-1/2"]
[WhiteElo "2499"]
[BlackElo "2382"]
[Annotator "TA"]
[PlyCount "72"]
[EventDate "2018.??.??"]
[EventCountry "VIE"]
[SourceTitle "playchess.com"]
[Source "ChessBase"]
[SourceQuality "1"]

{[%evp 24,72,11,14,36,25,16,15,42,0,0,0,0,0,0,0,0,0,0,0,0,8,7,-24,-12,-19,0,0,0,0,0,0,13,0,6,7,7,4,10,-27,-27,-35,-31,-80,0,0,0,-4,0,0,0]} 1. e4 e5 2. Nf3 Nc6 3. Bb5 a6 4. Ba4 Nf6 5. O-O Be7 6. Re1 b5 7. Bb3 O-O 8. d4 Nxd4 9. Bxf7+ Rxf7 10. Nxe5 Rf8 11. Qxd4 c5 {C88: Closed Ruy Lopez: Anti-Marshall Systems} (11... Bb7 12. c4 c5 13. Qd3 Qc7 14. Nf3 bxc4 15. Qxc4+ d5 16. exd5 Bxd5 17. Qe2 Bd6 18. Nc3 Bxf3 19. Qxf3 Bxh2+ {½-½ (28) Kamsky,G (2717)-Leko,P (2756) Jermuk 2009}) 12. Qd1 Bb7 13. Nc3 {LiveBook: 15 Games} b4 14. Nd5 Nxd5 15. exd5 Bd6 16. f4 Qc7 17. c4 bxc3 $1 18. bxc3 c4 $146 ({Predecessor:} 18... Rae8 19. c4 Bxe5 20. fxe5 Rxe5 {1-0 (64) Blatny,F-Weiner,M Prague 1954}) 19. Rb1 Rae8 20. Be3 Ba8 21. Bb6 Bc5+ $1 22. Bxc5 Qxc5+ 23. Qd4 (23. Kh1 {looks sharper.} d6 24. Nd7 Rxe1+ 25. Qxe1 Qxd5 26. Rb2) 23... Qxd4+ 24. cxd4 Bxd5 25. Nxd7 Rxe1+ 26. Rxe1 $11 {[%mdl 4096] Endgame KRB-KRN} Rd8 27. Nc5 Bf7 28. Rd1 Bg6 29. Kf2 c3 {[%cal Bc4c3,Bc3c2][%mdl 32]} 30. Nb3 a5 31. Nxa5 c2 32. Rc1 {[#] And now Nc6 would win.} Rxd4 33. Ke3 Re4+ (33... Rd1 $17 34. Nb3 h5) 34. Kf3 {The position is equal.} Ra4 35. Nb3 Rxa2 {[#] Strongly threatening ...Ra3.} 36. Nd4 Ra3+ {Precision: White = 60%, Black = 78%.} 1/2-1/2

[Event "8th HDBank Cup 2018"]
[Site "Hanoi"]
[Date "2018.03.12"]
[Round "4"]
[White "Le, Tuan Minh"]
[Black "Nguyen, Duc Hoa"]
[Result "1-0"]
[WhiteElo "2489"]
[BlackElo "2463"]
[Annotator "TA"]
[PlyCount "77"]
[EventDate "2018.??.??"]
[EventCountry "VIE"]
[SourceTitle "playchess.com"]
[Source "ChessBase"]
[SourceQuality "1"]

{[%evp 19,77,47,45,19,37,43,55,40,42,40,44,0,0,0,0,0,0,0,0,0,0,0,11,13,10,3,9,4,15,19,42,41,39,46,75,77,210,205,342,342,342,339,316,326,286,208,342,342,342,342,338,314,465,450,680,613,749,734,770,760]} 1. d4 d5 2. c4 e6 3. Nf3 Nf6 4. Nc3 Be7 5. Bf4 O-O 6. e3 c6 7. Rc1 Nbd7 {D37: Queen's Gambit Declined: 5 Bf4} 8. Bd3 (8. h3 a6 9. Be2 b6 10. O-O Bb7 11. Qb3 c5 12. cxd5 Nxd5 13. Bh2 b5 14. Ne4 Qb6 15. dxc5 Nxc5 16. Nxc5 Bxc5 {1-0 (74) Aronian,L (2803)-Wang,H (2735) Beijing 2013}) 8... dxc4 9. Bxc4 c5 10. O-O a6 {LiveBook: 3 Games} 11. Bb3 cxd4 12. exd4 Nb6 13. Re1 $146 ({Predecessor:} 13. Qd3 Nbd5 14. Bg5 h6 15. Bd2 Nxc3 16. bxc3 {1-0 (27) Tonon,A-Raspor,G Nova Gorica 1996}) 13... Nbd5 14. Nxd5 Nxd5 15. Be5 b6 16. Nd2 Bb7 17. Qg4 {[%csl Ge5][%cal Rg4g7] [#]} Nf6 18. Qg3 Rc8 19. Rxc8 $40 {[%mdl 128] White attacks.} Qxc8 20. Nc4 Qc6 21. Ne3 {[#] Hoping for d5!} Qd7 22. Rd1 Rc8 23. h3 g6 $1 24. Qf4 Nh5 25. Qg4 {Strongly threatening d5.} Bf6 26. Nc4 Qc6 27. Nd6 Rd8 (27... Bxe5 $16 28. dxe5 Rf8) 28. d5 $1 $18 {[%cal Rd5c6]} exd5 (28... Qc7 $142) 29. Bxd5 Qxd5 30. Rxd5 Bxd5 31. Bxf6 Nxf6 32. Qf4 Nh5 (32... Be6 {was called for.} 33. a3 Nd5) 33. Qb4 b5 34. a3 Nf6 35. Qc5 Kg7 (35... Ne4 $142 36. Qxd5 Nxd6) 36. Qb6 {White is clearly winning.} Ra8 (36... Rd7 $142 37. Qxa6 Be6) 37. Qd4 h6 38. Qe5 Be6 39. Ne4 {Precision: White = 75%, Black = 44%.} 1-0

[Event "8th HDBank Cup 2018"]
[Site "Hanoi"]
[Date "2018.03.12"]
[Round "4"]
[White "Pena Gomez Manuel"]
[Black "Taher, Yoseph Theolifus"]
[Result "1-0"]
[WhiteElo "2478"]
[BlackElo "2375"]
[Annotator "TA"]
[PlyCount "85"]
[EventDate "2018.??.??"]
[EventCountry "VIE"]
[SourceTitle "playchess.com"]
[Source "ChessBase"]
[SourceQuality "1"]

{[%evp 23,85,-7,3,0,25,0,7,0,18,20,28,25,62,63,77,52,146,144,155,108,130,116,114,128,210,209,195,141,146,144,141,140,152,139,176,188,176,161,215,197,268,254,258,249,409,397,422,419,398,421,434,430,429,425,451,439,586,588,579,535,781,756,938,900]} 1. g3 c5 2. Bg2 Nc6 3. c4 g6 4. Nc3 Bg7 5. e4 e6 6. d3 Nge7 7. Nge2 d6 8. a3 Rb8 9. O-O O-O 10. Rb1 b6 11. b4 Bb7 12. Be3 Nd4 {LiveBook: 4 Games} 13. Qd2 {A36: Symmetrical English vs ...g6: 4 Bg2 Bg7} Re8 14. Rfc1 $146 ({Predecessor:} 14. Bh6 Bh8 15. h4 a6 16. h5 Nec6 17. Nxd4 Nxd4 18. Ne2 Bc6 19. Nxd4 Bxd4 20. hxg6 hxg6 {1-0 (41) Diczew,F (2124)-Susla,M (1987) Lublin 2012}) 14... Qd7 15. Bh6 {The position is equal.} Bh8 16. Nxd4 cxd4 17. Ne2 d5 18. exd5 exd5 19. c5 $1 Qa4 (19... Rbc8 $14) 20. Bf4 $36 {[%mdl 2048] White has strong initiative.} Ra8 21. Qc2 Qd7 22. b5 {Strongly threatening c6.} bxc5 23. Qxc5 Nf5 (23... Rac8 $16 24. Qb4 (24. Qxa7 Rxc1+ 25. Rxc1 Nc8 $16) 24... Nf5) 24. Qc7 $18 Rad8 25. Rb2 (25. Bf3 $18) 25... Ng7 $16 26. Qxd7 ({Don't do} 26. Nxd4 Nf5 $14) 26... Rxd7 27. Rbc2 Ne6 28. a4 a6 {[#]} 29. b6 $1 a5 30. Bd2 {[%cal Bf4d2,Bd2a5,Ba5b4][%mdl 32]} Rd6 (30... Be5 $142 31. Re1 (31. Bxa5 Ra8 $14) 31... Rb8) 31. Rb2 $18 ({Weaker is} 31. Bxa5 Ra8 $14) 31... Bf6 (31... Be5 $142 32. Bxa5 Rb8) 32. Bxa5 Ra8 33. Rc7 Nd8 $2 (33... Rb8 {is a better defense.} 34. Bh3 Ng5) 34. Rb5 Be5 35. Bb4 Rxb6 {[#]} 36. Re7 $1 ({Inferior is} 36. Rxb6 Bxc7 37. Rb5 Rxa4 $17) 36... Re6 {White is clearly winning.} 37. Rexb7 Nxb7 38. Rxb7 Rd8 39. Rb5 Bd6 40. Nxd4 Ree8 41. Nc6 Rd7 42. Rxd5 Re6 43. a5 {Precision: White = 85%, Black = 33%.} 1-0

[Event "8th HDBank Cup 2018"]
[Site "Hanoi"]
[Date "2018.03.12"]
[Round "4"]
[White "Karthikeyan, P."]
[Black "Le, Quang Liem"]
[Result "1/2-1/2"]
[WhiteElo "2473"]
[BlackElo "2736"]
[Annotator "TA"]
[PlyCount "56"]
[EventDate "2018.??.??"]
[EventCountry "VIE"]
[SourceTitle "playchess.com"]
[Source "ChessBase"]
[SourceQuality "1"]

{[%evp 14,56,11,8,10,9,23,33,25,19,19,-4,31,18,27,16,16,2,29,0,16,14,31,31,27,10,3,-13,-11,-22,-31,-28,34,30,86,91,81,87,79,76,138,130,84,89,98]} 1. d4 Nf6 2. c4 e6 3. g3 d5 4. Bg2 Bb4+ 5. Nd2 O-O 6. Ngf3 b6 7. O-O Bb7 8. b3 {LiveBook: 30 Games. E16: Queen's Indian: 4 g3 Bb7 5 Bg2 Bb4+} a5 (8... c5 9. Bb2 Nbd7 10. a3 Bxd2 11. Nxd2 cxd4 12. Bxd4 Rc8 13. b4 Qe7 14. Rc1 Rfd8 15. Qb3 dxc4 16. Nxc4 Bxg2 17. Kxg2 {0-1 (55) Ding,L (2777)-Carlsen,M (2837) Riadh 2017}) 9. Bb2 Na6 $146 ({Predecessor:} 9... Nbd7 10. Qc2 Re8 11. Rfd1 c5 12. a3 Bxd2 13. Rxd2 Qc7 14. cxd5 Bxd5 15. Ne5 Bxg2 16. Nxd7 Nxd7 17. Kxg2 {½-½ (23) Romm,M (2445)-Keuter,K (2443) ICCF email 2017}) 10. e3 {White has an edge.} Be7 11. a3 c5 12. Qe2 Ra7 13. cxd5 exd5 14. Rfd1 Nc7 15. Ne5 Ne6 16. a4 Re8 17. Rac1 h6 18. Nb1 Ba6 19. Qc2 Rc7 20. Qf5 cxd4 {[#] White must now prevent ...Bc5.} 21. exd4 Bb4 22. Nc3 g6 (22... Bxc3 $11 23. Bxc3 Qc8) 23. Qb1 $1 $14 Nxd4 (23... h5 $11) 24. Nxf7 $1 $16 Kxf7 25. Rxd4 {And now Rf4 would win.} Qc8 {[%cal Rb4c3]} 26. Qa1 {[#] Threatens to win with Rf4.} Bxc3 (26... g5 $142) 27. Rxc3 Rxc3 28. Bxc3 Ne4 {Precision: White = 60%, Black = 44%.} 1/2-1/2

[Event "8th HDBank Cup 2018"]
[Site "Hanoi"]
[Date "2018.03.12"]
[Round "4"]
[White "Santiago, Yago De Moura"]
[Black "Vo, Thanh Ninh"]
[Result "1-0"]
[WhiteElo "2473"]
[BlackElo "2370"]
[Annotator "TA"]
[PlyCount "124"]
[EventDate "2018.??.??"]
[EventCountry "VIE"]
[SourceTitle "playchess.com"]
[Source "ChessBase"]
[SourceQuality "1"]

{[%evp 16,124,0,0,7,0,17,11,40,0,23,18,23,32,55,31,28,37,63,26,33,28,29,38,49,6,44,47,60,66,66,53,62,45,47,47,53,52,46,43,43,20,37,42,32,35,36,11,26,0,0,0,42,47,45,48,42,42,125,134,120,131,111,87,83,92,65,47,147,142,195,180,247,104,125,131,220,217,139,24,427,393,914,867,822,728,1434,1497,1071,1013,5616,5616,4134,2285,29985,29986,29986,29987,29988,29979,29994,29994,29994,29995,29995,29996,29996,29997,29997,29997,29998]} 1. d4 d5 2. c4 c6 3. Nf3 Nf6 4. Nc3 a6 5. Qc2 g6 (5... dxc4 6. e4 b5 7. b3 b4 8. Na4 cxb3 9. axb3 e6 10. Bd3 Be7 11. O-O h6 12. Bf4 O-O 13. Qd2 {0-1 (34) Matlakov,M (2735)-Fedoseev,V (2718) St Petersburg 2017}) 6. e4 {D15: Slav Defence: 4 Nc3 a6 and gambit lines after 4 Nc3 dxc4} dxe4 7. Nxe4 Nxe4 8. Qxe4 Bg7 9. Be2 {LiveBook: 9 Games} Bf5 10. Qh4 $146 ({Find the theoretical novelty and annotate with similar games:} 10. Qe3 Bg4 11. O-O O-O 12. Rd1 Nd7 13. h3 Bxf3 14. Qxf3 {½-½ (22) Sadzikowski,D (2584)-Matuszewski,M (2505) Katowice 2018}) 10... Nd7 11. O-O e5 12. Bg5 f6 13. Be3 O-O 14. Rad1 Qe7 15. dxe5 Nxe5 16. Nd4 Be6 17. b3 Bf7 18. Rfe1 {Strongly threatening f4.} c5 19. Nf3 {aiming for Nxe5.} Rad8 20. Qg3 b6 21. Nxe5 fxe5 22. h4 {[%cal Bh2h4,Bh4h5][%mdl 32]} Bf6 23. h5 Bh4 24. Qg4 Be6 25. Qe4 {And now Rxd8 would win.} Bf5 26. Qc6 $1 {[%cal Rc6b6]} Qf6 27. Qxf6 Bxf6 28. g4 Bc2 29. Rxd8 Rxd8 30. g5 Be7 31. Bf3 gxh5 32. Bf4 exf4 33. Rxe7 $11 {[%mdl 4096] Endgame KRB-KRB} Bg6 34. Bd5+ {[%mdl 1024] White has compensation.} Kf8 35. Re6 Rb8 36. Kg2 a5 (36... Bb1 $1 $14) 37. Kf3 $16 Bb1 38. a3 ({Reject} 38. Kxf4 $6 Bxa2 39. Re3 Bb1 $11) 38... Bc2 39. Kxf4 Bxb3 40. Rh6 Kg7 41. Be4 Bxc4 ({Black should play} 41... Rf8+ $14 42. Ke3 Bxc4) 42. Rxh7+ Kg8 (42... Kf8 $16) 43. g6 $1 $18 Rf8+ (43... Re8 $142) 44. Kg3 (44. Kg5 $1 $18 {is the precise move to win.}) 44... Re8 45. f3 b5 (45... Kf8 $16) 46. Rxh5 Rc8 47. f4 ({White has to play} 47. Rh7 $1 $16) 47... Re8 $2 {[%mdl 8192]} (47... Kg7 $11) 48. Kf3 Be2+ $2 (48... Rc8 49. Rh7 a4) 49. Kxe2 Rxe4+ {KR-KR} 50. Kf3 Re1 51. Kg4 Rg1+ {[#]} 52. Kf5 $1 {[%cal Rf5f6]} b4 53. Kf6 Rg4 {[#]} 54. f5 $1 b3 55. Rh7 {White mates.} Rd4 56. Rb7 Rd6+ 57. Kg5 c4 58. Rb8+ Kg7 {[#]} 59. f6+ $1 {[%mdl 512]} Rxf6 60. Rb7+ Rf7 61. Rxf7+ Kg8 62. Rb7 a4 {Precision: White = 65%, Black = 28%.} 1-0

[Event "8th HDBank Cup 2018"]
[Site "Hanoi"]
[Date "2018.03.12"]
[Round "4"]
[White "Nguyen, Van Huy"]
[Black "Aravindh, Chithambaram VR."]
[Result "1/2-1/2"]
[WhiteElo "2454"]
[BlackElo "2617"]
[Annotator "TA"]
[PlyCount "170"]
[EventDate "2018.??.??"]
[EventCountry "VIE"]
[SourceTitle "playchess.com"]
[Source "ChessBase"]
[SourceQuality "1"]

{[%evp 12,170,28,31,57,60,65,62,60,64,80,76,93,86,79,81,83,27,30,29,29,26,31,25,39,14,44,43,97,102,75,68,75,23,123,118,121,126,120,112,273,200,195,200,193,185,198,183,219,196,207,214,260,252,317,114,122,102,102,95,113,115,114,113,112,95,89,0,0,0,-13,-44,-13,-60,-13,-8,-8,-8,-8,-9,0,0,0,-20,0,0,0,0,0,0,0,0,0,0,0,0,0,0,0,0,0,0,0,0,0,0,0,0,0,0,0,0,0,0,0,0,0,0,0,-18,0,0,0,0,0,0,0,0,0,0,0,0,0,0,0,0,0,0,0,0,0,0,0,0,0,0,0,0,0,0,0,0,0,0,0,0,0,0,0,0,0]} 1. d4 Nf6 2. c4 Nc6 3. Nf3 e6 4. a3 d5 5. Nc3 a6 6. cxd5 {E10: Blumenfeld Gambit} exd5 7. Bg5 {LiveBook: 10 Games} Be6 (7... Be7 8. e3 Nh5 9. Bxe7 Nxe7 10. Bd3 Nf6 11. Qc2 g6 12. Ne5 Bf5 13. Bxf5 Nxf5 {1-0 (40) Akobian,V (2611)-Stripunsky,A (2578) Saint Louis 2011}) 8. e3 {White is slightly better.} h6 9. Bh4 Bd6 10. Bd3 g5 $146 ({Find the theoretical novelty and annotate with similar games:} 10... O-O 11. O-O Re8 12. Rc1 g6 13. Re1 {1-0 (35) Fourie,M (2376)-Werner,G (2359) ICCF email 2008}) 11. Bg3 Rg8 12. Qc2 h5 13. Bxd6 Qxd6 14. O-O-O ({White should play} 14. Rc1 $16) 14... h4 $11 15. h3 O-O-O 16. Kb1 Kb8 17. Rc1 Ne7 18. Ka1 Bc8 19. Na4 b6 {[#]} ({Black should try} 19... Rg7 $14) 20. Qb3 $1 $16 Ka7 21. Rc2 {aiming for Rhc1.} Bb7 22. Rhc1 (22. Ne5 $16 Rgf8 23. Rhc1) 22... Rc8 (22... Ne8 $1 $11 {remains equal.}) 23. Nc5 Nd7 24. Nxd7 Qxd7 25. Ne5 $1 $36 {[%csl LRd7,LRf7][%mdl 2048] White is on the roll.} Qe6 $2 (25... Qd6 $16) 26. Rxc7 Rxc7 27. Rxc7 Rc8 28. Rxc8 Bxc8 29. Qc2 Kb8 30. Be2 f6 31. Bg4 Qd6 32. Bxc8 Nxc8 {[#]} 33. Nf3 $2 (33. Ng4 $1 $18 {is the precise move to win.}) 33... Qe6 34. Qe2 Kb7 35. Nd2 Qc6 36. Kb1 Nd6 37. Qd3 a5 38. f3 f5 39. Nb3 (39. f4 $16) 39... Qc4 $11 40. Qd1 $1 Qb5 41. Ka2 Nc4 {...a4 is the strong threat.} 42. Qe2 Qe8 (42... Nxa3 $5 {[%cal Rb5e2]} 43. Qxb5 Nxb5 $15) 43. e4 {The position is equal.} fxe4 44. fxe4 Qxe4 45. Qf2 $1 Qf4 46. Qc2 $1 Qe4 47. Qf2 Qf4 48. Qc2 $1 a4 49. Nc1 Qxd4 50. Qh7+ $1 Ka6 {[%csl Gc4][%cal Rd4b2]} 51. Nd3 {Intending Nb4+ and mate.} Ne5 52. Nb4+ $1 Kb5 53. Qg8 Qc4+ 54. Kb1 Qe4+ 55. Ka2 Nd3 56. Nxd3 Qc4+ 57. Ka1 {Threatens to win with Ne5.} Qxd3 58. Qxg5 {[%mdl 4096] Endgame KQ-KQ} Qf1+ 59. Ka2 Qc4+ 60. Ka1 Qe4 61. g4 hxg3 62. Qxg3 d4 63. h4 d3 {( -> ...Qh1+)} 64. Qg5+ Kc4 65. Qc1+ Kd4 66. h5 Qe3 67. Qc3+ Ke4 68. Kb1 Kf3 69. Qc6+ Kf2 {Strongly threatening ...Qe1+.} 70. h6 d2 71. Kc2 Qe2 72. Qxb6+ Kf1 73. Qf6+ Ke1 $1 74. Qh4+ Kf1 75. Qh1+ Kf2 76. Qh2+ Kf1 77. Qf4+ Ke1 $1 78. Qg3+ Kf1 79. Qf4+ Ke1 $1 80. Qh4+ Kf1 81. Qh1+ Kf2 82. Qd1 Ke3 {[%csl Ge3][%cal Re2d3]} 83. Qg1+ Kf3 $1 84. Qh1+ Kf2 85. Qd1 Ke3 {Precision: White = 72%, Black = 58%.} 1/2-1/2

[Event "8th HDBank Cup 2018"]
[Site "Hanoi"]
[Date "2018.03.12"]
[Round "4"]
[White "Bui, Vinh"]
[Black "Rozum, Ivan"]
[Result "1/2-1/2"]
[WhiteElo "2400"]
[BlackElo "2582"]
[Annotator "TA"]
[PlyCount "42"]
[EventDate "2018.??.??"]
[EventCountry "VIE"]
[SourceTitle "playchess.com"]
[Source "ChessBase"]
[SourceQuality "1"]

{[%evp 15,42,50,57,54,85,85,87,89,88,91,94,100,112,89,93,47,52,51,41,42,70,70,59,51,103,103,103,103,103]} 1. d4 Nf6 2. Bg5 Ne4 3. Bf4 c5 4. f3 Nf6 5. d5 Nh5 6. Be3 {A45: Trompowsky Attack} e5 7. Qd2 d6 8. g4 Nf4 {LiveBook: 3 Games} 9. h4 Be7 $146 {[#]} ({Predecessor:} 9... f5 10. Bxf4 exf4 11. gxf5 Be7 12. Qxf4 Qb6 13. Qa4+ {0-1 (54) Stefanova,A (2481)-Gashimov,V (2655) Tromsoe 2007}) 10. Bf2 $1 h5 11. g5 Ng6 12. e3 {[%cal Be2e3,Be3e4][%mdl 32]} f5 13. c4 O-O 14. Nc3 f4 15. e4 Na6 16. a3 Bd7 17. Nge2 Nc7 18. b4 {[%cal Bb2b4,Bb4b5][%mdl 32]} b6 19. Nc1 a5 {[#]} (19... Qc8 $14) 20. b5 $1 $16 Ra7 21. N1e2 Na8 {Precision: White = 86%, Black = 44%.} 1/2-1/2

[Event "8th HDBank Cup 2018"]
[Site "Hanoi"]
[Date "2018.03.12"]
[Round "4"]
[White "Shyaamnikhil P"]
[Black "Lei, Tingjie"]
[Result "1/2-1/2"]
[WhiteElo "2394"]
[BlackElo "2545"]
[Annotator "TA"]
[PlyCount "44"]
[EventDate "2018.??.??"]
[EventCountry "VIE"]
[SourceTitle "playchess.com"]
[Source "ChessBase"]
[SourceQuality "1"]

{[%evp 22,44,7,0,-4,0,17,-1,0,0,0,-16,-3,4,10,0,0,0,0,0,25,17,41,26,28]} 1. e4 e5 2. Nf3 Nc6 3. Bb5 Nf6 4. O-O Nxe4 5. Re1 Nd6 6. Nxe5 Be7 7. Bf1 Nxe5 8. Rxe5 O-O 9. Nc3 {C67: Ruy Lopez: Berlin Defence: 4 0-0 Nxe4} Ne8 10. Nd5 Bd6 11. Re2 c6 12. Ne3 {LiveBook: 9 Games} Be7 13. Qe1 {[#]} Bg5 $146 ({Predecessor:} 13... Bf6 14. Nf5 d5 15. Ne7+ Kh8 16. Nxc8 Rxc8 {½-½ (45) Nakamura,H (2787)-Aronian,L (2805) Saint Louis 2014}) 14. Nf5 d5 15. Ne7+ Bxe7 16. Rxe7 Nd6 {[%cal Be8d6,Bd6f5,Bf5h4][%mdl 32] White must now prevent ...Nf5.} 17. Re2 Nf5 {[#] Strongly threatening ...Nd4.} 18. Qd1 Qf6 19. d3 Bd7 20. c3 Nh4 21. Qd2 Bg4 22. Re1 Rae8 {Precision: White = 67%, Black = 53%.} 1/2-1/2

[Event "8th HDBank Cup 2018"]
[Site "Hanoi"]
[Date "2018.03.12"]
[Round "4"]
[White "Cao, Sang"]
[Black "Dao, Thien Hai"]
[Result "1/2-1/2"]
[WhiteElo "2381"]
[BlackElo "2474"]
[Annotator "TA"]
[PlyCount "50"]
[EventDate "2018.??.??"]
[EventCountry "VIE"]
[SourceTitle "playchess.com"]
[Source "ChessBase"]
[SourceQuality "1"]

{[%evp 16,50,54,53,56,58,67,54,66,37,54,54,91,91,93,82,83,94,129,61,60,62,79,54,89,93,118,121,160,112,103,32,47,47,45,45,44]} 1. e4 e5 2. Nf3 Nf6 3. d4 Nxe4 4. Bd3 d5 5. Nxe5 Be7 6. O-O O-O 7. c4 Nf6 8. Nc3 c6 9. Re1 {LiveBook: 5 Games} Be6 {C43: Petroff Defence: 3 d4} 10. cxd5 cxd5 11. Bf4 $146 ({Predecessor:} 11. Qb3 Qc8 12. Bf4 Nc6 13. Rac1 Nxd4 14. Qa4 Nc6 15. Nb5 Nd7 16. Nxc6 bxc6 17. Nc7 {1-0 (32) Kurmann,O (2446)-Bex,P (2235) Switzerland 2015}) 11... Nbd7 12. Qb3 Nxe5 13. Bxe5 Qb6 {[#]} 14. Qxb6 $1 axb6 15. Nb5 Bb4 16. Rec1 Nd7 17. Bd6 ({White should try} 17. Bf4 $16) 17... Bxd6 $14 18. Nxd6 Ra4 19. Nb5 Rb8 20. b3 Ra5 21. a4 Nf8 22. f3 Bd7 23. Kf2 (23. Nc3 $16) 23... Bxb5 {White is slightly better.} 24. Bxb5 Ne6 25. Ke3 Rd8 {Precision: White = 42%, Black = 34%.} 1/2-1/2

[Event "8th HDBank Cup 2018"]
[Site "Hanoi"]
[Date "2018.03.12"]
[Round "4"]
[White "Tran, Minh Thang"]
[Black "Liu, Guanchu"]
[Result "1-0"]
[WhiteElo "2366"]
[BlackElo "2460"]
[Annotator "TA"]
[PlyCount "100"]
[EventDate "2018.??.??"]
[EventCountry "VIE"]
[SourceTitle "playchess.com"]
[Source "ChessBase"]
[SourceQuality "1"]

{[%evp 15,100,0,0,0,10,0,8,0,0,0,0,-24,-24,-24,-24,-24,-24,-25,-22,-38,-33,-35,-25,-33,-28,-42,0,0,21,19,28,32,30,29,24,41,33,43,46,45,34,22,36,32,32,32,37,6,14,0,20,54,102,92,88,86,116,117,133,120,313,306,265,34,32,27,48,10,24,17,13,0,0,0,0,0,304,334,12850,12851,29973,29974,29973,29974,29968,12851,12851]} 1. d4 e6 2. Nf3 Nf6 3. Bf4 b6 4. e3 Be7 5. h3 Bb7 6. Nbd2 O-O 7. Bd3 d5 8. Ne5 {D02: 1 d4 d5 2 Nf3 sidelines, including 2...Nf6 3 g3 and 2...Nf6 3 Bf4} (8. O-O Nbd7 9. c3 Ne4 10. Qe2 c5 11. a4 f5 12. a5 c4 13. Bxe4 dxe4 14. Ne5 b5 15. b3 Nxe5 16. Bxe5 Ba6 17. bxc4 bxc4 {½-½ (45) Khotenashvili,B (2493)-Batsiashvili,N (2476) Batumi 2016}) 8... Nbd7 {LiveBook: 6 Games} 9. c3 Ne4 10. O-O {The position is equal.} Nxe5 11. dxe5 Nc5 $146 ({Predecessor:} 11... Nxd2 12. Qxd2 c5 13. Qe2 f5 14. exf6 Bxf6 15. Qg4 Qe7 16. Bg3 Rad8 {½-½ (35) Bakalarz,M (2380)-Klekowski,M (2096) Rewal 2006}) 12. Bc2 Ba6 13. Qg4 ({Much weaker is} 13. Qh5 g6 $17) 13... Bxf1 14. Bh6 $1 {[%csl Gh6][%cal Rg4g7] [#]} g6 $1 {aiming for ...Ba6.} ({Don't go for} 14... Bf6 $2 15. exf6 Qxf6 16. Bg5 $18) 15. Bxf8 Bd3 16. Bxe7 Qxe7 17. Bb1 a5 18. Qd4 Bxb1 19. Rxb1 Qg5 20. g4 f5 21. exf6 Rf8 22. b4 $36 {[%mdl 2048] White is pushing.} Nb7 23. c4 axb4 24. cxd5 Qxd5 25. Rxb4 Qxd4 26. Rxd4 Rxf6 $14 {[%mdl 4096] Endgame KRN-KRN} 27. Ne4 Rf7 28. g5 Kg7 29. Kg2 h6 30. gxh6+ Kxh6 31. f4 Re7 32. Rc4 c5 33. Ra4 Nd8 34. Ra6 Rb7 35. Nd6 Rb8 36. Ra7 g5 37. Rd7 Kg6 $2 (37... c4 $16 {is a better defense.}) 38. fxg5 $18 Nc6 {[#]} 39. Nc4 $2 ({White must play} 39. h4 $1 $18) 39... Kxg5 $14 40. Rd6 Nb4 {With the idea ...b5.} 41. Nxb6 Nxa2 42. Rxe6 {Nd7 is the strong threat.} Kf5 43. Rc6 {Hoping for Kf3.} (43. Rh6 {feels hotter.} Nc3 44. Nd7 Rg8+ 45. Kf3 Ne4 46. Nb6) 43... Ke4 44. Nd7 Rb2+ 45. Kg3 Rc2 $2 {[%mdl 8192]} (45... Nc3 $11 {and Black has nothing to worry.}) 46. Rxc5 $18 Rxc5 $2 (46... Re2 47. Re5+ Kd3 48. Nc5+ Kc4) 47. Nxc5+ Kxe3 48. h4 {[%cal Bh3h4,Bh4h5][%mdl 32]} Kd4 49. Kf4 Nc3 50. h5 Ne2+ {Precision: White = 61%, Black = 50%.} 1-0

[Event "8th HDBank Cup 2018"]
[Site "Hanoi"]
[Date "2018.03.12"]
[Round "4"]
[White "Zou, Chen"]
[Black "Deepan Chakkravarthy J."]
[Result "1-0"]
[WhiteElo "2291"]
[BlackElo "2520"]
[Annotator "TA"]
[PlyCount "55"]
[EventDate "2018.??.??"]
[EventCountry "VIE"]
[SourceTitle "playchess.com"]
[Source "ChessBase"]
[SourceQuality "1"]

{[%evp 24,55,25,0,128,128,131,109,130,119,112,88,118,104,113,119,120,99,110,99,94,96,84,90,112,92,89,0,0,0,0,0,754,724]} 1. e4 c5 2. Nf3 d6 3. d4 cxd4 4. Nxd4 Nf6 5. Nc3 e6 6. Be3 a6 7. f3 b5 8. Qd2 Nbd7 9. g4 Nb6 10. a4 {B80: Sicilian Scheveningen: 6 g3 and 6 Be3, including English Attack} Nc4 11. Bxc4 bxc4 12. a5 Bb7 13. Na4 {[#] LiveBook: 64 Games} e5 $146 (13... d5 $11 {keeps the balance.}) ({Predecessor:} 13... d5 14. g5 Nd7 15. O-O-O dxe4 16. f4 Rb8 17. Qc3 Qe7 {0-1 (69) Leko,P (2734)-Shirov,A (2718) Eilat 2012}) 14. Nf5 $16 {[%cal Bd4f5,Bf5e3,Be3c4][%mdl 32]} g6 15. Bb6 Qd7 {[#]} 16. Ne3 $1 Bh6 17. Qe2 Bf4 18. Nxc4 h5 {[%cal Rh5g4]} 19. g5 Bxg5 20. Be3 Bh4+ 21. Bf2 Bxf2+ 22. Qxf2 ({Much weaker is} 22. Kxf2 Rd8 $11) 22... Rd8 23. Nab6 $36 {[%mdl 2048] Keeping Black busy.} Qc7 24. Qh4 Nd7 {Black wants to play ...Nxb6.} 25. Nxd7 (25. O-O-O $16 Nxb6 26. Nxb6) 25... Qxc4 $11 26. Nf6+ Kf8 27. Nd5 Kg7 $2 {[%mdl 8192] [#]} (27... Re8 $11 28. Ne3 Qb4+ 29. Ke2 Kg7) 28. Qf6+ {Precision: White = 65%, Black = 77%.} 1-0